Valioliigan maalikuninkaat - Statistics

General Stats
  • This quiz has been taken 39 times
  • The average score is 5 of 19
Answers on the Grid
Answers color-coded by a green-red scale on the quiz's grid according to % correct below.
Mohamed Salah
Heikki Eskelinen
Sadio Mane
Harry Kane
Alan Shearer
Karim Benzema
Gareth Bale
Pierre-Emerick Aubameyang
Ashley Cole
Sergio Aguero
Thierry Henry
Didier Drogba
Ian Wright
Charlie Austin
Cristiano Ronaldo
Fernando Torres
Nicolas Anelka
Romelu Lukaku
Chris Sutton
Wayne Rooney
Robin Van Persie
Luis Suarez
Jamie Vardy
Dion Dublin
Robbie Fowler
Kevin Philips
Diego Costa
Dmitri Berbatov
Heung-min Son
Carlos Tevez
 
Answer Stats
Answer % Correct
Mohamed Salah
96%
Harry Kane
74%
Alan Shearer
52%
Sergio Aguero
43%
Thierry Henry
43%
Sadio Mane
39%
Cristiano Ronaldo
22%
Didier Drogba
22%
Luis Suarez
22%
Heung-min Son
17%
Jamie Vardy
17%
Pierre-Emerick Aubameyang
17%
Robin Van Persie
13%
Chris Sutton
4%
Dmitri Berbatov
4%
Carlos Tevez
0%
Dion Dublin
0%
Kevin Philips
0%
Nicolas Anelka
0%
No matching quizzes found
Score Distribution
Percent of People with Each Score
Percentile by Number Answered
Your Score History
You have not taken this quiz